Kể chuyện sứ thần Việt Nam

Gardado en:
Detalles Bibliográficos
Autor Principal: Nguyễn, Lan Phương (Biên soạn)
Formato: Libro
Publicado: Hà Nội Văn học 2016
Những chủ đề:
Các nhãn: Engadir etiqueta
Sen Etiquetas, Sexa o primeiro en etiquetar este rexistro!
Thư viện lưu trữ: Trung tâm Học liệu Lê Vũ Hùng, Trường Đại học Đồng Tháp
LEADER 00875pam a22002778a 4500
001 00040293
005 20190311140310.0
008 110419s1998 ||||||Viesd
020 # # |c 35000  |a 9786046957195 
041 0 # |a Vie 
082 1 4 |a 959.709 2  |b K250CH 
100 0 # |a Nguyễn, Lan Phương  |e Biên soạn 
245 0 0 |c Nguyễn Lan Phương (b.s)  |a Kể chuyện sứ thần Việt Nam 
260 # # |a Hà Nội  |b Văn học  |c 2016 
300 # # |a 167 tr.  |b Hình vẻ  |c 21cm. 
650 # 4 |a Lịch sử 
650 # 4 |a Triều đại 
650 # 4 |a Việt Nam 
653 # # |a Kể chuyện 
653 # # |a Lịch sử 
653 # # |a Ngoại giao 
653 # # |a Sứ thần 
653 # # |a Việt Nam 
852 # # |j KD.0022860 
910 # # |d 22/11/2017  |b chi 
980 # # |a Trung tâm Học liệu Lê Vũ Hùng, Trường Đại học Đồng Tháp